[Event "AUT Bundesliga 2021-22"]
[Site "Graz"]
[Date "2022.03.25"]
[Round "6"]
[White "Mira, Helene"]
[Black "Kreisl, Robert"]
[Result "0-1"]
[WhiteElo "2090"]
[BlackElo "2397"]
[Annotator "NA"]
[PlyCount "60"]
[EventDate "2021.01.17"]
[EventType "team-tourn"]
[EventCountry "AUT"]
[SourceTitle "playchess.com"]
[Source "ChessBase"]
[SourceQuality "1"]
[TimeControl "40/5400+30:1800+30"]

1. d4 {[%emt 0:00:12]} c5 {[%emt 0:00:20]} 2. d5 {[%emt 0:00:30]} g6 {[%emt 0:00:14]} 3. c4 {[%emt 0:01:49]} Bg7 {[%emt 0:00:34]} 4. Qc2 {[%emt 0:00:13]} Nf6 {[%emt 0:03:26]} 5. Nc3 {[%emt 0:00:07]} e6 {[%emt 0:07:06]} 6. e4 {[%emt 0:04:25]} exd5 {[%emt 0:03:43]} 7. exd5 {[%emt 0:00:18]} O-O {[%emt 0:00:51]} 8. Nf3 {[%emt 0:00:14]} d6 {[%emt 0:02:36]} 9. Be2 {[%emt 0:00:10]} Bf5 {[%emt 0:01:17]} 10. Qb3 {[%emt 0:00:50]} Na6 {[%emt 0:01:49]} 11. a3 {[%emt 0:01:06]} Rb8 {[%emt 0:03:48]} 12. O-O {[%emt 0:01:04]} Nc7 {[%emt 0:03:02]} 13. h3 {[%emt 0:02:41]} Re8 {[%emt 0:05:08]} 14. Re1 {[%emt 0:10:21]} Ne4 {[%emt 0:05:01]} 15. Nxe4 {[%emt 0:02:27]} Bxe4 {[%emt 0:00:19]} 16. Bg5 {[%emt 0:00:22]} f6 {[%emt 0:11:31]} 17. Be3 {[%emt 0:03:18]} Bxf3 {[%emt 0:01:06]} 18. Bxf3 {[%emt 0:02:31]} b5 {[%emt 0:07:38]} 19. Rab1 {[%emt 0:03:16]} f5 {[%emt 0:01:04]} 20. cxb5 {[%emt 0:02:01]} Nxb5 {[%emt 0:01:39]} 21. Qa4 {[%emt 0:00:29]} Bf6 {[%emt 0:23:32]} 22. Be2 {[%emt 0:01:47]} Nd4 {[%emt 0:00:19]} 23. Bxd4 {[%emt 0:00:25]} Bxd4 {[%emt 0:00:05]} 24. Bb5 {[%emt 0:00:23]} Rxe1+ {[%emt 0:02:25]} 25. Rxe1 {[%emt 0:00:12]} Qb6 {[%emt 0:01:39]} 26. Bf1 {[%emt 0:00:33]} Qxb2 {[%emt 0:02:19]} 27. Re2 {[%emt 0:00:07]} Qb7 {[%emt 0:01:16]} 28. Re8+ {[%emt 0:00:17]} Rxe8 {[%emt 0:00:52]} 29. Qxe8+ {[%emt 0:00:09]} Kg7 {[%emt 0:00:03]} 30. Qc6 {[%emt 0:00:14]} Qb2 {[%emt 0:02:19]} 0-1

[Event "AUT Bundesliga 2021-22"]
[Site "Graz"]
[Date "2022.03.25"]
[Round "6"]
[White "Kosc, Renata"]
[Black "Neyman, Igor"]
[Result "0-1"]
[WhiteElo "1974"]
[BlackElo "2325"]
[Annotator "NA"]
[PlyCount "82"]
[EventDate "2021.01.17"]
[EventType "team-tourn"]
[EventCountry "AUT"]
[SourceTitle "playchess.com"]
[Source "ChessBase"]
[SourceQuality "1"]
[TimeControl "40/5400+30:1800+30"]

1. e4 {[%emt 0:00:03]} c5 {[%emt 0:00:38]} 2. Nf3 {[%emt 0:00:10]} a6 {[%emt 0:00:41]} 3. c4 {[%emt 0:04:05]} e6 {[%emt 0:07:17]} 4. d4 {[%emt 0:00:11]} cxd4 {[%emt 0:00:25]} 5. Nxd4 {[%emt 0:00:04]} b6 {[%emt 0:01:42]} 6. Nc3 {[%emt 0:01:08]} Bb7 {[%emt 0:00:45]} 7. Nc2 {[%emt 0:10:55]} Qc7 {[%emt 0:03:36]} 8. Be3 {[%emt 0:06:55]} d6 {[%emt 0:03:05]} 9. Be2 {[%emt 0:12:14]} Nf6 {[%emt 0:02:36]} 10. f3 {[%emt 0:02:08]} Nbd7 {[%emt 0:01:12]} 11. O-O {[%emt 0:23:59]} Be7 {[%emt 0:02:20]} 12. Kh1 {[%emt 0:00:55]} O-O {[%emt 0:02:05]} 13. Rc1 {[%emt 0:02:19]} Rac8 {[%emt 0:01:43]} 14. Nd4 {[%emt 0:02:43]} Qb8 {[%emt 0:02:13]} 15. b3 {[%emt 0:03:05]} Rfe8 {[%emt 0:03:15]} 16. g4 {[%emt 0:05:59]} Nf8 {[%emt 0:13:40]} 17. Bf2 {[%emt 0:02:10]} Ng6 {[%emt 0:02:37]} 18. Bg3 {[%emt 0:00:36]} Nd7 {[%emt 0:05:21]} 19. Qe1 {[%emt 0:01:37]} Qa8 {[%emt 0:02:42]} 20. h4 {[%emt 0:00:30]} Bf6 {[%emt 0:04:27]} 21. Qf2 {[%emt 0:00:57]} d5 {[%emt 0:06:27]} 22. exd5 {[%emt 0:05:57]} exd5 {[%emt 0:01:12]} 23. Nf5 {[%emt 0:03:03]} Be5 {[%emt 0:10:16]} 24. Nxd5 {[%emt 0:02:43]} Bxg3 {[%emt 0:05:32]} 25. Nxg3 {[%emt 0:00:06]} Bxd5 {[%emt 0:01:38]} 26. cxd5 {[%emt 0:00:06]} Rxc1 {[%emt 0:03:23]} 27. Rxc1 {[%emt 0:00:05]} Qxd5 {[%emt 0:02:33]} 28. Rd1 {[%emt 0:02:37]} Qc6 {[%emt 0:01:39]} 29. Nf5 {[%emt 0:00:36]} Nf6 {[%emt 0:03:33]} 30. Kg1 {[%emt 0:01:50]} Nf4 {[%emt 0:01:46]} 31. Bf1 {[%emt 0:01:17]} h6 {[%emt 0:00:52]} 32. Nd4 {[%emt 0:03:27]} Qc5 {[%emt 0:01:35]} 33. Kh2 {[%emt 0:00:27]} Rd8 {[%emt 0:01:56]} 34. Qe3 {[%emt 0:00:52]} Qd6 {[%emt 0:01:03]} 35. Kh1 {[%emt 0:01:32]} N4d5 {[%emt 0:01:19]} 36. Qd2 {[%emt 0:00:30]} Qg3 {[%emt 0:00:34]} 37. Qh2 {[%emt 0:00:12]} Qxh2+ {[%emt 0:00:19]} 38. Kxh2 {[%emt 0:00:04]} Ne3 {[%emt 0:00:16]} 39. Rd3 {[%emt 0:01:22]} Nxf1+ {[%emt 0:00:27]} 40. Kg2 {[%emt 0:00:00]} Ne3+ {[%emt 0:00:00]} 41. Kf2 {[%emt 0:00:34]} Nc2 {[%emt 0:00:40]} 0-1

[Event "AUT Bundesliga 2021-22"]
[Site "Graz"]
[Date "2022.03.25"]
[Round "6"]
[White "Moosbrugger, Alexander"]
[Black "Halvax, Georg"]
[Result "0-1"]
[WhiteElo "1963"]
[BlackElo "2405"]
[Annotator "TA"]
[PlyCount "41"]
[EventDate "2021.01.17"]
[EventType "team-tourn"]
[EventCountry "AUT"]
[SourceTitle "playchess.com"]
[Source "ChessBase"]
[SourceQuality "1"]

{[%evp 12,41,9,3,14,-15,-8,-4,-2,-18,0,0,20,-28,-18,-67,-62,-66,-45,-80,-79,-129,-119,-237,-220,-365,-368,-377,-376,-361,-338,-335]} 1. e4 c5 2. g3 Nc6 3. Bg2 g6 4. d3 Bg7 5. Ne2 e6 6. Nbc3 Nge7 7. Bg5 h6 {B24: Closed Sicilian: 3 g3 sidelines.} 8. Bf4 (8. Be3 $5 {[%cal Re3c5]}) 8... d6 {[#]} 9. Qd2 $146 ({Predecessor:} 9. h4 Nd4 10. Qd2 Nec6 11. O-O Nxe2+ 12. Qxe2 O-O 13. Qd2 Kh7 14. Rab1 Nd4 15. Ne2 Nxe2+ 16. Qxe2 {1-0 (37) Peinado,E (2140)-Martinez,J (1867) Santander 2012}) 9... Nd4 {The position is equal.} 10. O-O Rb8 11. Rab1 b5 (11... e5 $5 12. Be3 b5 $11) 12. Nd1 (12. b4 $142 $1) 12... b4 13. c3 (13. Nxd4 $11 cxd4 14. Qc1) 13... bxc3 $15 14. Ndxc3 Ba6 15. Be3 {[%cal Ob2b4]} Qa5 {Black is more active.} 16. b4 (16. f4 $142) 16... Rxb4 $17 {Threatens to win with ...Nec6.} 17. Rxb4 (17. Bxd4 $17 {keeps fighting.} Rxd4 18. Nc1 (18. Nxd4 $2 cxd4 19. Rb8+ Kd7 $19)) 17... Qxb4 $19 ({Not} 17... cxb4 18. Bxd4 Bxd4 19. Nd5 Nxd5 20. Nxd4 $17) 18. Bxd4 (18. Rd1 $142) 18... cxd4 19. Nb1 Qxd2 20. Nxd2 Bxd3 21. Re1 {Weighted Error Value: White=0.38/Black=0.08 (flawless)} 0-1

[Event "AUT Bundesliga 2021-22"]
[Site "Graz"]
[Date "2022.03.26"]
[Round "8.1"]
[White "Rozentalis, Eduardas"]
[Black "Saric, Ivan"]
[Result "1/2-1/2"]
[WhiteElo "2542"]
[BlackElo "2678"]
[Annotator "TA"]
[PlyCount "70"]
[EventDate "2021.01.17"]
[EventType "team-tourn"]
[EventCountry "AUT"]
[SourceTitle "playchess.com"]
[Source "ChessBase"]
[SourceQuality "1"]

{[%evp 13,70,4,11,4,8,0,0,0,0,0,0,0,0,13,12,20,89,110,82,2,1,6,9,4,10,-1,8,0,-1,-21,0,-6,0,0,0,0,0,0,0,0,0,0,0,0,0,0,0,0,0,0,0,0,0,0,0,0,0,-16,-16]} 1. e4 c5 2. c3 Nf6 3. e5 Nd5 4. d4 cxd4 5. Nf3 e6 6. cxd4 d6 7. Bc4 Be7 {Nowadays more popular than 7...Nc6.} 8. O-O {B22: Sicilian: 2 c3.} O-O 9. exd6 Qxd6 10. Nc3 Nxc3 11. bxc3 b6 12. Ne5 {Hoping for Qf3.} Nc6 13. Bf4 Nxe5 14. Bxe5 {[#]} Qd8 $146 {[#]} (14... Qa3 $11) ({Predecessor:} 14... Qc6 15. Bb3 Bb7 16. Qg4 g6 17. Rfe1 Qxc3 18. Qf4 Bd5 19. Rec1 Qb4 20. Rab1 Qa3 {0-1 (37) Jones,G (2709)-Swiercz,D (2667) Saint Louis 2019}) 15. Qf3 $1 $16 Bd7 {[#]} 16. Rfe1 {White is much more active. Black has bad knights.} (16. Ba6 $1 $16) 16... Bf6 $11 {The position is equal.} 17. Rad1 Ba4 {...Bxe5 is the strong threat.} 18. Bb3 Bxb3 19. axb3 Bxe5 20. dxe5 Qc7 21. c4 Rad8 22. Qg3 Rxd1 23. Rxd1 {[%mdl 4096] Endgame KQR-KQR} a5 {[%cal Oa5a4]} 24. h3 a4 25. bxa4 Qxc4 26. Rb1 Qxa4 27. Rxb6 h6 28. Qe3 Rd8 29. Rb1 Qd4 30. Qxd4 Rxd4 {KR-KR} 31. Rb8+ Kh7 32. Rb7 Kg6 33. g3 Rd5 34. f4 Rd2 35. g4 Rd4 {Weighted Error Value: White=0.09 (flawless) /Black=0.07 (flawless)} 1/2-1/2

[Event "AUT Bundesliga 2021-22"]
[Site "Graz"]
[Date "2022.03.26"]
[Round "8.2"]
[White "Bosiocic, Marin"]
[Black "Schneider, Ilja"]
[Result "1-0"]
[WhiteElo "2522"]
[BlackElo "2482"]
[Annotator "TA"]
[PlyCount "71"]
[EventDate "2021.01.17"]
[EventType "team-tourn"]
[EventCountry "AUT"]
[SourceTitle "playchess.com"]
[Source "ChessBase"]
[SourceQuality "1"]

{[%evp 12,71,59,22,22,22,25,31,44,43,34,26,58,49,41,0,10,5,8,13,0,0,0,6,11,-30,-27,-28,40,21,51,0,0,0,0,0,52,50,68,68,83,81,227,220,215,146,153,119,122,116,589,570,591,593,585,569,4794,4782,1434,1107,29995,29996]} 1. Nf3 f5 2. g3 Nf6 3. Bg2 e6 4. O-O d5 5. c4 Bd6 6. d3 O-O 7. Nc3 dxc4 {A10: English Opening: Unusual Replies for Black.} 8. dxc4 Nc6 9. Nb5 (9. e4 {keeps more tension.} e5 10. Bg5 Kh8 11. Rc1 fxe4 12. Nxe4 Bg4 13. h3) 9... e5 {White is slightly better.} 10. Nxd6 cxd6 11. b3 Qe7 12. Ba3 Rd8 {[#]} 13. Ng5 $146 ({Predecessor:} 13. Rc1 h6 14. Qd2 Be6 15. Qb2 Qf7 16. Rfd1 e4 17. Nd4 d5 18. cxd5 Bxd5 19. Nxc6 Bxc6 {½-½ (56) Arabidze,M (2441)-Hoang,T (2380) Riga 2021}) 13... h6 $1 14. Bd5+ Nxd5 15. Qxd5+ Kf8 16. Nf3 (16. Nh7+ Ke8 17. Qg8+ Kd7 $17) 16... Be6 17. Qd2 Rd7 18. Nh4 (18. Rad1 $142 Rad8 19. Qe3) 18... Kg8 $11 {[%cal Of5f4]} 19. f4 Qe8 ({Better is} 19... exf4 $11 20. Rae1 (20. Rxf4 g5 $15) 20... g5) 20. e4 $1 $14 (20. Bxd6 exf4 21. Rad1 (21. gxf4 $2 Qd8 $19) (21. Qxf4 $2 g5 $19) 21... b6 $15) 20... Nd4 21. Rae1 (21. exf5 $14 Nxf5 22. Nxf5 Bxf5 23. Bxd6) 21... fxe4 $11 22. f5 Bf7 23. f6 {Hoping for fxg7.} d5 ({Black should play} 23... g5 $11) 24. fxg7 $14 Qe6 25. cxd5 Rxd5 {[%cal Od4f3] Strongly threatening ...Nf3+!} 26. Qb4 $36 {[%mdl 2048] White threatens Qf8+ and mate. White is really pushing.} Rdd8 {To avoid Qf8+} (26... Kxg7 $16 {was necessary.} 27. Rxe4 (27. Qxb7 Rad8 $16) 27... Rad8) 27. Qxb7 $18 (27. Rxe4 $6 Qb6 $16) 27... Qd5 28. Qe7 {[%cal Oe1e4] And now Rxe4! would win.} Rac8 {[#]} 29. Rxe4 $3 {[%mdl 512] Really sharp!} Re8 {[#]} 30. Ng6 ({Don't play} 30. Qxa7 Ra8 31. Qxf7+ (31. Qb6 Qxe4 32. Qxh6 Ne2+ 33. Kf2 Qh7 $15) 31... Qxf7 32. Rxf7 Kxf7 $11) 30... Ne2+ $2 {[%mdl 8192]} 31. Rxe2 {[%cal Be4e2,Be2f2,Bf2d2][%mdl 32] Qf8+ is the strong threat.} Qd4+ {[#]} 32. Ref2 $1 Bxg6 33. Qf6 Kh7 34. Bf8 Qd5 {[#]} 35. Rd2 $3 {[%mdl 512]} Qe6 (35... Qf7 36. Qxf7) 36. g8=Q+ {Weighted Error Value: White=0.10 (very precise) /Black=0.51} 1-0

[Event "AUT Bundesliga 2021-22"]
[Site "Graz"]
[Date "2022.03.26"]
[Round "8.3"]
[White "Atlas, Valery"]
[Black "Brkic, Ante"]
[Result "1/2-1/2"]
[WhiteElo "2423"]
[BlackElo "2607"]
[Annotator "TA"]
[PlyCount "117"]
[EventDate "2021.01.17"]
[EventType "team-tourn"]
[EventCountry "AUT"]
[SourceTitle "playchess.com"]
[Source "ChessBase"]
[SourceQuality "1"]

{[%evp 13,117,11,10,2,0,0,0,-22,0,-4,15,0,12,4,0,11,5,-12,22,15,44,44,43,36,31,35,31,16,26,0,27,0,0,0,0,0,0,-31,-20,-42,0,0,0,0,0,0,0,-52,-45,-47,-33,-49,-35,-2672,-2436,-2099,-1499,-954,0,0,0,0,0,0,0,0,77,77,77,77,77,77,77,77,77,77,77,26,26,26,26,0,26,0,77,77,77,77,77,25,27,25,25,7,8,7,25,25,25,0,0,0,25,0,0,0]} 1. e4 e5 2. Nf3 Nc6 3. Bc4 Bc5 4. c3 Nf6 5. d3 d6 6. O-O O-O 7. a4 {7.Re1 is the modern continuation.} a5 8. Na3 {C54: Giuoco Piano: 4 c3 Nf6, main lines with 5 d4 and 5 d3.} h6 9. Nc2 Be6 10. Qe2 Re8 11. Bb5 {[#]} Nd7 $146 ({Predecessor:} 11... Bd7 12. Be3 Ba7 13. Bxa7 Rxa7 14. Ne3 Ne7 15. Nh4 c6 16. Bc4 d5 17. Ba2 Be6 {1-0 (65) Facchetti,G (2130)-Papadatos,I (2180) San Benedetto 1999}) 12. Be3 {Strongly threatening d4.} Bxe3 13. Nxe3 Ne7 14. d4 c6 {Prevents d5.} 15. Bc4 d5 16. exd5 cxd5 17. Bb5 e4 18. Ne5 f6 19. Nxd7 Bxd7 20. Bxd7 Qxd7 21. Qb5 Qe6 22. f4 f5 23. Rf2 b6 24. g4 Rf8 (24... fxg4 25. f5 Qd6 26. Nxg4 $16) 25. Raf1 Rf7 (25... fxg4 26. f5 Qd6 27. Nxg4 $14) 26. h4 fxg4 (26... Rd8 $15) 27. f5 $11 Qd6 28. Nxg4 Raf8 {[%cal Rf7f5]} (28... Qg3+ 29. Rg2 Qxh4 30. Qxb6 $16) 29. f6 Ng6 {[%cal Be7g6,Bg6h4,Bh4f3][%mdl 32]} 30. Kh1 (30. h5 $11 Nh4 31. fxg7 Rxf2 32. gxf8=Q+ Rxf8 33. Rxf8+ Kxf8 34. Ne5) 30... Nxh4 $15 {And now ...Nf3 would win.} 31. fxg7 Rxf2 32. gxf8=Q+ Rxf8 33. Nxh6+ $2 {[%mdl 8192]} Kh7 {[%cal Od6e6]} ({Weaker is} 33... Qxh6 34. Qxd5+ Kh7 35. Rf7+ (35. Qb7+ $2 Kh8 $19) 35... Rxf7 36. Qxf7+ Kh8 37. Qe8+ Kg7 38. Qxe4 $19) 34. Ng4 Nf3 $1 {( -> ...Qg3)} 35. Kg2 {To avoid Qg3+} Rf4 $2 ({Black should try} 35... Qe6 $19 36. Kg3 Qf5) 36. Ne5 $11 Qe7 37. Nxf3 {Threatens to win with Nh2. The board is on fire.} Qg7+ ({Don't take} 37... exf3+ 38. Rxf3 Rxf3 39. Kxf3 $16) 38. Kh1 exf3 {[%cal Rf4h4][%mdl 4096] Endgame KQR-KQR} 39. Qd3+ Qg6 (39... Kg8 $11 40. Rxf3 Rg4) 40. Qxg6+ $16 Kxg6 {KR-KR} 41. Kh2 $1 Re4 42. Kg3 Kf5 43. Kxf3 {Rh1 is the strong threat.} Ke6 44. Rg1 Kd6 {[#]} 45. Rg6+ (45. Rh1 $1 $16) 45... Kc7 $1 $11 46. Rg7+ Kd6 47. Rg6+ Kc7 $1 48. Rg1 ({Better is} 48. Rg5 $11 Kd6 49. Rg6+) 48... Kd6 $16 {[#]} 49. Rh1 $1 Kc6 50. Kf2 Re6 51. Re1 ({White should play} 51. Rh5 $16) 51... Rh6 $1 $11 52. Ke3 b5 $1 53. axb5+ Kxb5 54. Kd3 {Black must now prevent Re5.} a4 55. Re8 Rh3+ 56. Kc2 {Hoping for Rb8+.} Rh2+ 57. Kd3 Rh3+ 58. Kc2 {aiming for Rb8+.} Rh2+ 59. Kd3 {Weighted Error Value: White=0.24 (precise) /Black=0.20 (precise)} 1/2-1/2

[Event "AUT Bundesliga 2021-22"]
[Site "Graz"]
[Date "2022.03.26"]
[Round "8.4"]
[White "Martinovic, Sasa"]
[Black "Baenziger, Fabian"]
[Result "1/2-1/2"]
[WhiteElo "2554"]
[BlackElo "2418"]
[Annotator "TA"]
[PlyCount "61"]
[EventDate "2021.01.17"]
[EventType "team-tourn"]
[EventCountry "AUT"]
[SourceTitle "playchess.com"]
[Source "ChessBase"]
[SourceQuality "1"]

{[%evp 11,61,3,3,0,0,-18,0,-5,35,28,39,31,59,29,68,56,62,44,74,70,95,87,87,55,110,104,106,58,70,0,0,0,0,0,0,0,0,0,0,0,-6,0,0,0,16,4,14,0,0,0,29,0]} 1. Nf3 d5 2. e3 Nf6 3. c4 c6 4. Nc3 e6 5. b3 Bd6 6. Bb2 O-O 7. h3 {A11: English Opening: 1...c6.} Nbd7 8. Qc2 Qe7 {was the old line (8...e5).} 9. g4 {[%cal Bg2g4,Bg4g5][%mdl 32] The position is equal.} Ba3 10. Bxa3 Qxa3 11. g5 Ne8 12. d4 {[#]} Qd6 $146 ({Predecessor:} 12... Qe7 13. Bd3 g6 14. O-O-O a5 15. h4 a4 16. bxa4 dxc4 17. Bxc4 b5 18. Bb3 Bb7 {0-1 (32) Bejtovic,J (2397)-Haznedaroglu,K (2427) Sarajevo 2013}) 13. O-O-O f5 14. h4 Qa3+ 15. Qb2 (15. Kb1 {is interesting.} dxc4 16. bxc4 b6 17. Bg2 Bb7 18. Qb3) 15... Qxb2+ 16. Kxb2 Nd6 17. Bd3 Kf7 (17... dxc4 $14 18. Bxc4 (18. bxc4 b6 $14) 18... Nxc4+ 19. bxc4 b6) 18. Ne2 $16 {[%cal Og5g6] White is more active.} Ke7 19. Rc1 (19. cxd5 $16 exd5 20. Rc1) 19... dxc4 $1 $14 20. bxc4 ({White should play} 20. Bxc4 $14 b5 21. Bd3) 20... c5 $11 21. Nf4 b6 22. g6 h6 23. Rhd1 Bb7 24. Ne5 Rac8 25. Bf1 Rfd8 26. Nxd7 Rxd7 27. d5 e5 28. Nh5 {[%cal Oe3e4]} Rg8 29. f3 Rdd8 30. a4 a5 31. Kc3 {Weighted Error Value: White=0.11 (very precise) /Black=0.11 (very precise)} 1/2-1/2

[Event "AUT Bundesliga 2021-22"]
[Site "Graz"]
[Date "2022.03.26"]
[Round "8.5"]
[White "Fecker, Noah"]
[Black "Mazi, Leon"]
[Result "1/2-1/2"]
[WhiteElo "2328"]
[BlackElo "2347"]
[Annotator "ChessBase"]
[PlyCount "84"]
[EventDate "2021.01.17"]
[EventType "team-tourn"]
[EventCountry "AUT"]
[SourceTitle "playchess.com"]
[Source "ChessBase"]
[SourceQuality "1"]
[TimeControl "40/5400+30:1800+30"]

1. e4 {[%emt 0:00:04]} c5 {[%emt 0:00:18]} 2. Nf3 {[%emt 0:00:05]} d6 {[%emt 0:00:15]} 3. Bb5+ {[%emt 0:00:28]} Nd7 {[%emt 0:02:01]} 4. a4 {[%emt 0:00:09]} a6 {[%emt 0:05:58]} 5. Be2 {[%emt 0:00:14]} Ngf6 {[%emt 0:01:28]} 6. Nc3 {[%emt 0:00:09]} b6 {[%emt 0:01:00]} 7. d4 {[%emt 0:01:34]} cxd4 {[%emt 0:00:54]} 8. Qxd4 {[%emt 0:00:05]} e6 {[%emt 0:05:01]} 9. O-O {[%emt 0:00:51]} Qc7 {[%emt 0:01:17]} 10. Rd1 {[%emt 0:06:27]} Bb7 {[%emt 0:03:51]} 11. Be3 {[%emt 0:03:49]} Be7 {[%emt 0:02:41]} 12. Nd2 {[%emt 0:04:20]} O-O {[%emt 0:08:12]} 13. Nc4 {[%emt 0:03:09]} d5 {[%emt 0:12:48]} 14. exd5 {[%emt 0:25:43]} Nxd5 {[%emt 0:01:05]} 15. Nxd5 {[%emt 0:05:16]} Bxd5 {[%emt 0:00:47]} 16. Nxb6 {[%emt 0:01:21]} Nxb6 {[%emt 0:01:15]} 17. Qxb6 {[%emt 0:01:14]} Qxc2 {[%emt 0:00:57]} 18. Bd3 {[%emt 0:02:55]} Qb3 {[%emt 0:03:38]} 19. a5 {[%emt 0:07:16]} Rfb8 {[%emt 0:03:26]} 20. Qxb3 {[%emt 0:01:24]} Rxb3 {[%emt 0:00:35]} 21. Bd4 {[%emt 0:01:54]} Bf6 {[%emt 0:04:27]} 22. Bxf6 {[%emt 0:01:31]} gxf6 {[%emt 0:00:02]} 23. Rd2 {[%emt 0:01:08]} Rb4 {[%emt 0:03:48]} 24. f3 {[%emt 0:15:14]} Bc6 {[%emt 0:06:37]} 25. Kf2 {[%emt 0:04:21]} f5 {[%emt 0:03:22]} 26. Ke3 {[%emt 0:01:38]} f4+ {[%emt 0:06:21]} 27. Ke2 {[%emt 0:00:51]} Bb5 {[%emt 0:01:46]} 28. Bxb5 {[%emt 0:01:10]} Rxb5 {[%emt 0:00:10]} 29. Ra4 {[%emt 0:00:48]} Rab8 {[%emt 0:03:34]} 30. Rxf4 {[%emt 0:00:52]} Rxb2 {[%emt 0:00:20]} 31. Rg4+ {[%emt 0:02:33]} Kf8 {[%emt 0:00:17]} 32. Rg5 {[%emt 0:01:50]} f5 {[%emt 0:02:20]} 33. g4 {[%emt 0:00:54]} Rxd2+ {[%emt 0:00:27]} 34. Kxd2 {[%emt 0:00:01]} Rb5 {[%emt 0:00:12]} 35. gxf5 {[%emt 0:00:42]} exf5 {[%emt 0:00:21]} 36. h4 {[%emt 0:00:32]} Rxa5 {[%emt 0:05:26]} 37. h5 {[%emt 0:00:06]} Rb5 {[%emt 0:03:44]} 38. h6 {[%emt 0:00:44]} Rb7 {[%emt 0:03:52]} 39. Rxf5+ {[%emt 0:00:29]} Rf7 {[%emt 0:00:06]} 40. Rc5 {[%emt 0:00:00]} Rf6 {[%emt 0:00:00]} 41. Rc7 {[%emt 0:02:39]} Rxh6 {[%emt 0:02:24]} 42. Ra7 {[%emt 0:01:07]} Re6 {[%emt 0:10:03]} 1/2-1/2

[Event "AUT Bundesliga 2021-22"]
[Site "Graz"]
[Date "2022.03.26"]
[Round "8.6"]
[White "Dietmayer-Kraeutler, Marco"]
[Black "Novkovic, Milan"]
[Result "1/2-1/2"]
[WhiteElo "2312"]
[BlackElo "2360"]
[Annotator "ChessBase"]
[PlyCount "60"]
[EventDate "2021.01.17"]
[EventType "team-tourn"]
[EventCountry "AUT"]
[SourceTitle "playchess.com"]
[Source "ChessBase"]
[SourceQuality "1"]
[TimeControl "40/5400+30:1800+30"]

1. d4 {[%emt 0:00:03]} Nf6 {[%emt 0:00:33]} 2. c4 {[%emt 0:00:06]} e6 {[%emt 0:00:39]} 3. Nf3 {[%emt 0:00:19]} b6 {[%emt 0:03:29]} 4. g3 {[%emt 0:02:28]} Bb7 {[%emt 0:04:20]} 5. Bg2 {[%emt 0:00:05]} Be7 {[%emt 0:00:11]} 6. O-O {[%emt 0:00:06]} O-O {[%emt 0:00:10]} 7. Nc3 {[%emt 0:00:04]} Ne4 {[%emt 0:00:08]} 8. Qc2 {[%emt 0:03:52]} Nxc3 {[%emt 0:02:43]} 9. Qxc3 {[%emt 0:01:20]} Bf6 {[%emt 0:08:36]} 10. h4 {[%emt 0:06:00]} c5 {[%emt 0:06:54]} 11. Qd3 {[%emt 0:04:00]} d5 {[%emt 0:10:49]} 12. dxc5 {[%emt 0:10:49]} dxc4 {[%emt 0:03:45]} 13. Qxc4 {[%emt 0:07:40]} Qc8 {[%emt 0:03:25]} 14. Ng5 {[%emt 0:12:04]} Bxg2 {[%emt 0:03:41]} 15. Kxg2 {[%emt 0:00:30]} Nd7 {[%emt 0:07:43]} 16. Ne4 {[%emt 0:07:52]} bxc5 {[%emt 0:04:47]} 17. Nxf6+ {[%emt 0:03:02]} Nxf6 {[%emt 0:00:11]} 18. b3 {[%emt 0:00:17]} Qb7+ {[%emt 0:14:44]} 19. Kg1 {[%emt 0:04:04]} Qd5 {[%emt 0:03:21]} 20. Ba3 {[%emt 0:04:31]} Qxc4 {[%emt 0:00:27]} 21. bxc4 {[%emt 0:00:03]} Rfc8 {[%emt 0:01:19]} 22. Rab1 {[%emt 0:03:19]} Rc7 {[%emt 0:00:10]} 23. Rb5 {[%emt 0:06:15]} Nd7 {[%emt 0:02:07]} 24. Rfb1 {[%emt 0:02:57]} Rac8 {[%emt 0:02:18]} 25. Rb7 {[%emt 0:00:50]} Kf8 {[%emt 0:01:14]} 26. Kf1 {[%emt 0:06:15]} Ke7 {[%emt 0:01:46]} 27. Ke1 {[%emt 0:01:16]} Kd6 {[%emt 0:07:10]} 28. Kd2 {[%emt 0:02:47]} Nb6 {[%emt 0:02:17]} 29. Rxc7 {[%emt 0:00:39]} Rxc7 {[%emt 0:00:25]} 30. Kd3 {[%emt 0:01:38]} g6 1/2-1/2

[Event "AUT Bundesliga 2021-22"]
[Site "Graz"]
[Date "2022.03.26"]
[Round "8.7"]
[White "Horvath, Dominik"]
[Black "Shengelia, David"]
[Result "1-0"]
[WhiteElo "2483"]
[BlackElo "2503"]
[Annotator "TA"]
[PlyCount "41"]
[EventDate "2021.01.17"]
[EventType "team-tourn"]
[EventCountry "AUT"]
[SourceTitle "playchess.com"]
[Source "ChessBase"]
[SourceQuality "1"]

{[%evp 9,40,61,65,11,86,61,151,146,151,149,141,144,151,139,262,252,255,244,384,372,452,442,421,418,1141,1131,1018,898,1075,891,29998,29999,29999]} 1. e4 Nc6 2. Nf3 d5 3. exd5 Qxd5 4. Nc3 Qa5 5. d4 Bg4 6. h3 {B01: Scandinavian Defence.} (6. Bb5 $14) 6... Bh5 (6... Bxf3 $11 {keeps the balance.} 7. Qxf3 (7. gxf3 O-O-O $17) 7... O-O-O) 7. Bb5 {Hoping for g4.} O-O-O ({Black should play} 7... e6 $1 $14) 8. Bxc6 $16 {White is clearly better.} bxc6 9. g4 Bg6 {[#]} 10. Ne5 $1 Qb6 11. Qf3 $36 {[%csl LRc6,LRf7][%mdl 2048] [#] White is in control. White is more active.} f6 $146 (11... Nf6 $16 12. O-O (12. Nxc6 Qb7 $16) (12. Qxc6 Qxc6 13. Nxc6 Rd6 $14) 12... e6) ({Predecessor:} 11... Nf6 12. Nxc6 Rd6 13. Ne5 Qb7 14. Qxb7+ Kxb7 15. Nb5 Re6 16. O-O Ne4 17. Nd7 Rc6 {1-0 (54) Abbasov,F (2549)-Arakeljan,A (2321) Tula 2010}) 12. Nxc6 $18 {Pair of Knights!} Rd6 13. d5 {Black must now prevent Be3.} e6 (13... Rxc6 {keeps fighting.} 14. dxc6 e6) 14. Be3 Qxb2 15. Rb1 {[%cal Ba1b1,Bb1b8,Bb8d8][%mdl 32]} ({Weaker is} 15. Nxa7+ Kd7 16. Bc1 Qb7 $14) 15... Qxc3+ 16. Bd2 Qxd2+ (16... Qxf3 $2 {is a self mate.} 17. Rb8+ Kd7 18. Rd8#) (16... Rxc6 $142 17. Bxc3 exd5 18. Qxd5 Ne7) 17. Kxd2 {[#] White wants to mate with Rb8+.} Rxd5+ 18. Ke2 {Intending Rhd1 and mate.} Bd6 19. Rhd1 Rxd1 20. Rb8+ Kd7 21. Rd8# {Black got outplayed after the opening.  Weighted Error Value: White=0.10 (very precise) /Black=1.08} 1-0